Países con territorio en mas de un continente! - Muerte súbita - Estadísticas

Estadísticas generales
  • Esta prueba ha sido intentada 506 veces
  • La puntuación promedio es 4 de 10
Answers on the Grid
Answers color-coded by a green-red scale on the quiz's grid according to % correct below.
Rusia
Australia
Azerbaiyán
Canadá
Turquía
Kazajistán
Estados Unidos
España
China
Francia
Egipto
Georgia
Polonia
Portugal
Dinamarca
 
Estadísticas de respuestas
Respuesta % Correcto
Rusia
92%
Turquía
65%
Francia
60%
España
49%
Dinamarca
46%
Portugal
29%
Egipto
28%
Azerbaiyán
27%
Kazajistán
25%
Georgia
22%
No se encontraron pruebas coincidentes
Distribución de puntuación
Porcentaje de gente con cada puntuación
Porcentaje por número respondido
Historial de tus puntuaciones
No has intentado esta prueba.